| 000 | 00468nam a2200181Ia 4500 | ||
|---|---|---|---|
| 008 | 191130s2002##################000#0#eng## | ||
| 020 | _a9780061031410 | ||
| 040 |
_aACL _cACL |
||
| 082 | _a813.54 SCO | ||
| 100 | _aScottoline, Lisa | ||
| 245 |
_aCourting trouble _cLisa Scottoline |
||
| 260 |
_aNew York _bHarperTorch _c2002 |
||
| 300 | _a418 p | ||
| 650 | _aEnglish Fiction | ||
| 990 | _a8ac51852ac10000c5fb8372b9caafb6e | ||
| 991 | _a199914 | ||
| 999 |
_c140528 _d140528 |
||